MCQ'S IN MIDWIFERY & OBSTETRICAL NURSING (Record no. 10976)

MARC details
000 -LEADER
fixed length control field 00342nam a22001457a 4500
003 - CONTROL NUMBER IDENTIFIER
control field SGT
020 ## - INTERNATIONAL STANDARD BOOK NUMBER
International Standard Book Number 978-93-5090-511-1
082 ## - DEWEY DECIMAL CLASSIFICATION NUMBER
Classification number 610.73678
Item number M13T
100 ## - MAIN ENTRY--PERSONAL NAME
Personal name THAKUR JYOUTI RAJESH
245 ## - TITLE STATEMENT
Title MCQ'S IN MIDWIFERY & OBSTETRICAL NURSING
260 ## - PUBLICATION, DISTRIBUTION, ETC. (IMPRINT)
Place of publication, distribution, etc INDIA
Name of publisher, distributor, etc JAYPEE
Year of Publication 2013
300 ## - PAGE DESCRIPTION
No. of Pages 222
650 ## - SUBJECT ADDED ENTRY--TOPICAL TERM
Topical term or geographic name as entry element OBSTETRIC
942 ## - ADDED ENTRY ELEMENTS (KOHA)
Source of classification or shelving scheme Dewey Decimal Classification
Koha item type Books
Holdings
Withdrawn status Lost status Source of classification or shelving scheme Damaged status Not for loan Collection code Home library Current library Shelving location Date acquired Vendor Name Cost, normal purchase price SGTU Bill Number Total Checkouts Full call number Accession No. (Barcode) Date last seen Bill Date Koha item type
    Dewey Decimal Classification     NURSING SGT Medical Library SGT Medical Library Text Book 17/02/2017 ABC 275.00 SGTU 7429   610.73678 M13T FN3511 17/02/2017 04/11/2016 Books
    Dewey Decimal Classification     NURSING SGT Medical Library SGT Medical Library Text Book 17/02/2017 ABC 275.00 SGTU 7429   610.73678 M13T FN3512 17/02/2017 04/11/2016 Books